000
00290nam a22001457a 4500
003
SGT
020
_a
658.4
082
_a
LEV
100
_a
LEVIN, RICHARD I.
245
_a
STATISTICS FOR MANAGEMENT
250
_a
8TH
260
_a
PEARSON INDIA
_c
2018
300
_a
985
942
_2
ddc
_c
BK
999
_c
14258
_d
14258